000 00828cam a22002292 4500
001 0000021277
005 20151217152229.0
008 120307s xx 000 0 eng d
020 _a0070435049 :
040 _aKABU
_cKABU
245 1 0 _aCustomer relationship management :
_bemerging concepts, tools and applications /
_ceditors, Jagdish N Sheth, Atul Parvatiyar, G Shainesh.
260 _aNew Delhi :
_bTata McGraw-Hill,
_c2001.
300 _axv, 544 p.
650 0 _aCustomer relations.
_vCongress
_xManagement.
_@0000182099
650 0 _aRelationship marketing
_vCongresses.
_@0000182100
700 1 _aSheth, Jagdish N.
_@0000182101
700 1 _aParvatiyar, Atul.
_@0000182102
700 1 _aShinesh, G.
_@0000182103
852 1 _9p4680 KES
908 _a120307
950 _@1
999 _c9626
_d9626